00289nam a2200121Ia 4500008004100000100001500041245003200056260003600088300000700124650001200131942000700143999001700150190216s9999||||xx |||||||||||||| ||und|| aCherusseri 0aKuchela Sadgadi Krishnagada bCalicut University Publications a56 aKavitha cBK c28061d28061